书目信息 |
| 题名: |
装饰人物
|
|
| 作者: | 陈之川 著 | |
| 分册: | ||
| 出版信息: | 杭州 浙江美术学院出版社 1998.02 |
|
| 页数: | 96页 | |
| 开本: | 16开 | |
| 丛书名: | ||
| 单 册: | ||
| 中图分类: | J522.1 | |
| 科图分类: | ||
| 主题词: | 工艺美术--中国 | |
| 电子资源: | ||
| ISBN: | 7-81019-617-0 | |
| 000 | 00538nam0 2200193 45 | |
| 001 | 0011142055 | |
| 005 | 20001114200146.6 | |
| 010 | @a7-81019-617-0@d22.00元 | |
| 100 | @a20001114d1998 km y0chiy0120 ea | |
| 101 | 0 | @achi |
| 105 | @a z 000yy | |
| 200 | 1 | @a装饰人物@AZhuang Shi Ren Wu@f陈之川著@FChen Zhi Chuan Zhu |
| 210 | @a杭州@c浙江美术学院出版社@d1998.02 | |
| 215 | @a96页@d16开 | |
| 606 | 0 | @a工艺美术@x中国 |
| 690 | @aJ522.1@v3 | |
| 701 | 0 | @a陈之川@4著 |
| 801 | @aCN@bPftUser@c20001114 | |
| 905 | @b405856-860@dJ522.1@eCH129@f5 | |
| 装饰人物/陈之川著.-杭州:浙江美术学院出版社,1998.02 |
| 96页;16开 |
| ISBN 7-81019-617-0:22.00元 |
| ● |
| 相关链接 |
|
|
|
正题名:装饰人物
索取号:J522.1/CH129
 
预约/预借
| 序号 | 登录号 | 条形码 | 馆藏地/架位号 | 状态 | 备注 |
| 1 | 405856 | 204058562 | 期刊室512/309社科库 87排3列1层/ [索取号:J522.1/CH129] | 在馆 | |
| 2 | 405857 | 204058571 | 期刊室512/309社科库 87排3列1层/ [索取号:J522.1/CH129] | 在馆 | |
| 3 | 405858 | 204058580 | 期刊室512/309社科库 87排3列1层/ [索取号:J522.1/CH129] | 在馆 | |
| 4 | 405859 | 204058599 | 社科库309/309社科库 86排3列3层/ [索取号:J522.1/CH129] | 在馆 | |
| 5 | 405860 | 204058606 | 社科库309/309社科库 86排3列3层/ [索取号:J522.1/CH129] | 在馆 |